El adiós a la clase media /
Збережено в:
| Автор: | |
|---|---|
| Формат: | Текст |
| Предмети: | |
| Теги: |
Додати тег
Немає тегів, Будьте першим, хто поставить тег для цього запису!
|
MARC
| LEADER | 00000 a a2200000 04500 | ||
|---|---|---|---|
| 001 | 4863 | ||
| 003 | |||
| 040 | |||
| 100 | |a Monforte, Liliana | ||
| 245 | |a El adiós a la clase media / |c Liliana Monforte | ||
| 650 | |a POBREZA | ||
| 650 | |a CLASE MEDIA | ||
| 650 | |a POLITICA ECONOMICA | ||
| 773 | |g volumen 3, número 14; páginas 36-39 | ||
| 999 | |c 29738 |d 29738 | ||
